Statistics for Every Lead Artist That Charted on the Hot Dance Charts in 2020

Click here to take the quiz!

General Stats

  • This quiz has been taken 2 times
  • The average score is 14 of 307

Answer Stats

Number of Charting SongsBiggest Hit of the YearArtist% Correct
6Let's LoveDavid Guetta
100%
3Looking For MeDiplo
100%
1Midnight HourSkrillex
100%
6Alone Pt. IIAlan Walker
50%
1Forever Yours (Tribute)Avicii
50%
1HappierBastille
50%
1Sour CandyBLACKPINK
50%
5Live Without Your LoveCalvin Harris / Love Regenerator
50%
1OK Not to Be OKDemi Lovato
50%
2Say My NameDimitri Vegas & Like Mike
50%
1Levitating (The Blessed Madonna Remix)Dua Lipa
50%
2FreaksFISHER
50%
2RITMO (Bad Boys For Life)J Balvin
50%
21Higher LoveKygo
50%
13Rain On MeLady Gaga
50%
5Que CalorMajor Lazer
50%
4HappierMarshmello
50%
2On the FloorPitbull
50%
2In Your EyesRobin Schulz
50%
1Let's LoveSia
50%
1RITMO (Bad Boys For Life)The Black Eyed Peas
50%
6God is a DancerTiesto
50%
2Breaking MeTopic
50%
2FunnyZedd
50%
1Don't Need Love220 KID
0%
1Tokyo3LAU
0%
1Did You4B
0%
2Breaking MeA7S
0%
2Blue MondayAbove & Beyond
0%
1SalvationAdelphi Music Factory
0%
1ConoAdje
0%
1InstagramAfro Bros
0%
3SadAfrojack
0%
1End of TimeAhrix
0%
1You Broke My Heart AgainAiko
0%
1Burnin'Alekz Rush
0%
3MidnightAlesso
0%
1Bad ThingsAlison Wonderland
0%
1PhantomAllen Mock
0%
2HigherAlly Brooke
0%
1Don't Say GoodbyeAlok
0%
1EnviousAluna
0%
1Don't Fall For ItAmuka
0%
1Good ExampleAndy Grammer
0%
1Paper ThinAngels & Airwaves
0%
1Rain On MeAriana Grande
0%
2i miss uAu/Ra
0%
1Alone Pt. IIAva Max
0%
1You Do YouBabyjake
0%
2Call You MineBebe Rexha
0%
4Lose ControlBecky Hill
0%
1DesireBob Moses
0%
1You Gotta BeBombs Away
0%
1Love Is Killing MeBONNIE X CLYDE
0%
1Midnight HourBoys Noize
0%
2Body On Mybrando
0%
1Heart AttackBRONSON
0%
2I'm Not AlrightBryce Vine
0%
1Rabbit HoleCamelPhat
0%
1Fire For YouCannons
0%
2Never Come BackCaribou
0%
2GasolineCash Cash
0%
1PYROCastion
0%
2ImpactChannel Tres
0%
1THE ENDCharlotte Lawrence
0%
1StayCheat Codes
0%
1Little ThingsChelsea Cutler
0%
1PYROChester Young
0%
2SadChico Rose
0%
1PhantomChow Chow
0%
1I RememberChris Lake
0%
1Clorox WipeChromeo
0%
1It's Corona TimeChumino
0%
1Nights Like ThisCID
0%
1More Than OKClara Mae
0%
1Tick TockClean Bandit
0%
1ANTHEMConnor Bvrns / Not Who I Am
0%
1Really LoveCraig David
0%
1United In DanceCrystal Waters
0%
1InstagramDaddy Yankee
0%
1My Mother Told MeDatamotion
0%
2WantedDaya
0%
1Baila ConmigoDayvi
0%
3Pomegranatedeadmau5
0%
1Falling In LoveDennis Kruissen
0%
1ParadiseDermot Kennedy
0%
1Really LoveDigital Farm Animals
0%
1You Do YouDillon Francis
0%
1No Letting GoDirty Werk
0%
9BirthdayDisclosure
0%
1Simple ThingsDJDS
0%
2Safety 2020DJ Snake
0%
1DisorientatedDJ Xquizit
0%
1FaithDolly Parton
0%
1San FrandiscoDom Dolla
0%
2BadDon Diablo
0%
1Hot StuffDonna Summer
0%
1Could You Love MeDreamlab
0%
2FreeDrew Love
0%
1One Last TimeDubVision
0%
2TherapyDuke Dumont
0%
1Tinted EyesDVBBS
0%
1Both Still YoungDzeko
0%
1Big LoveEARTHGANG
0%
1Hard to Say GoodbyeEkali
0%
3NumbElderbrook
0%
1MovingEli Brown
0%
1WiredElla Eyre
0%
3This is RealElla Henderson
0%
1Sine From AboveElton John
0%
1Pump It UpEndor
0%
1NOPUSEric Prydz
0%
1Feel SomethingExcision
0%
1In the DarkFancy Inc.
0%
1Douha (Mali Mali)Fatoumata Diawara
0%
6holy terrainFKA Twigs
0%
2The DifferenceFlume
0%
2Every ColorFoster The People
0%
2SchoolFour Tet
0%
3More Than OKFrank Walker
0%
7FaithGalantis
0%
2Safety 2020GASHI
0%
124 HoursGeorgia
0%
2Love You NowGeorgia Ku
0%
1EnergyGlidesonic
0%
1Lose ControlGOODBOYS
0%
2House ArrestGorgon City
0%
1Someone ElseGrabbitz
0%
1Don't Need LoveGRACEY
0%
1Don't Fall For ItGrapefruit Sound Lab
0%
10Delete ForeverGrimes
0%
2GRiZtronicsGRiZ
0%
5Body BackGryffin
0%
1Time (Alan Walker Remix)Hans Zimmer
0%
1Right TimeHayden James
0%
1Moving On UpHeather Small
0%
1Never Felt a Love Like ThisHook N Sling
0%
1SalvationHouse Gospel Choir
0%
2SpaIcona Pop
0%
1Don't Say GoodbyeIlkay Sencan
0%
8Good Things Fall ApartILLENIUM
0%
2Too MuchImanbek
0%
1Violencei_o
0%
1Feel SomethingI Prevail
0%
1Pretty PleaseJackson Wang
0%
4You're Too PreciousJames Blake
0%
1Feels Like ForeverJamie N Commons
0%
1IdontknowJamie xx
0%
1DisorientatedJan Johnston
0%
1ConoJason Derulo
0%
4This Is RealJax Jones
0%
1Both of UsJayda G
0%
1
Amazing Girl
JayQ The Legend
0%
2Baila ConmigoJennifer Lopez
0%
2FollowJeremih
0%
1ConoJhorrmountain
0%
1FollowJoe Janiak
0%
2Head & HeartJoel Corry
0%
2CryJohn Martin
0%
1Deep EndJohn Summit
0%
2NakedJonas Blue
0%
1Good Things Fall ApartJon Bellion
0%
1FormulaJuelz
0%
1Such a WhoreJVLA
0%
2End of TimeK-391
0%
1Looking For MeKareen Lomax
0%
10The Worst In MeKAYTRANADA
0%
1BirthdayKehlani
0%
1Watch Your StepKelis
0%
1Broken GlassKim Petras
0%
1FollowKito
0%
1GreenlightsKrewella
0%
1Just a LieKristine W
0%
2LighterKSI
0%
3Say SomethingKylie Minogue
0%
1RoadLane 8
0%
1My Mother Told MeL.B. One
0%
1MidnightLiam Payne
0%
1LMKLil XXEL
0%
3Are You Feeling Sad?Little Dragon
0%
2Oops (I'm Sorry)Lost Kings
0%
7I'm Not AlrightLoud Luxury
0%
5Little ThingsLouis The Child
0%
2Tick TockMabel
0%
5No Fear No MoreMadeon
0%
2Levitating (The Blessed Madonna Remix)Madonna
0%
5Used To LoveMartin Garrix
0%
1I'm Just Feelin' (Du Du Du)Martin Jensen
0%
3Juliet & RomeoMartin Solveig
0%
1JerusalemaMaster KG
0%
1Hold OnMatisse & Sadko
0%
2HigherMatoma
0%
1NakedMAX
0%
3Lose ControlMEDUZA
0%
2One NightMK
0%
1AftertasteMorgan St. Jean
0%
3Make It To HeavenMORTEN
0%
1Oh My GawdMr. Eazi
0%
1LighterNathan Dawe
0%
1InstagramNatti Natasha
0%
1FEELING GUDNGHTMRE
0%
1Body On MyNicky Jam
0%
1Need Your LoveNoah Kahan
0%
1WantedNOTD
0%
1Head Shoulders Knees & ToesOfenbach
0%
1How Would I KnowOh Wonder
0%
2Turn Me OnOliver Heldens
0%
1love u againOlivia Holt
0%
1Lose SomebodyOneRepublic
0%
1DarkseidPAN
0%
1Came For the Lowpartywithray
0%
1Say You WillPatrick Droney
0%
1Looking For MePaul Woolford
0%
1Nothing For FreePendulum
0%
1My Mother Told MePerly I Lotry
0%
2Keep It SimplePetey Martin
0%
2I Leave AgainPetit Biscuit
0%
3DreamlandPet Shop Boys
0%
1Only a FoolPink Sweat$
0%
1LuckyPNAU
0%
3Get Your WishPorter Robinson
0%
1ConoPuri
0%
3peacefallPurity Ring
0%
1Head Shoulders Knees & ToesQuarterhead
0%
1Little ThingsQuinn XCII
0%
7I Luv UR3HAB
0%
1SadRasster
0%
3SecretsRAYE
0%
3Ride ItRegard
0%
1Besame (I Need You)Reik
0%
1All Night LongRetroVision
0%
2Someone ElseRezz
0%
1HurtingRhys Lewis
0%
1Turn Me OnRiton
0%
1FormulaRL Grime
0%
1United In DanceR-NALDO
0%
1Anything For YouRosabel
0%
1Juliet & RomeoRoy Woods
0%
1Heading HomeRuben
0%
1Something About YouRudimental
0%
1Run Awayrum.gold
0%
1I'm That BitchRuPaul
0%
1Roses (Imanbek Remix)SAINt JHN
0%
3Post MaloneSam Feldt
0%
1I Feel LoveSam Smith
0%
1Don't Give Up On LoveSam Tinnesz
0%
2Forever Yours (Tribute)Sandro Cavazza
0%
1HonestSan Holo
0%
1I'll WaitSasha Alex Sloan
0%
3Need Your LoveSeven Lions
0%
3ChemicalsSG Lewis
0%
12 in a MillionSHAED
0%
2OlderShallou
0%
1Only a FoolShip Wrek
0%
1On My MindSIDEPIECE
0%
3Lasting LoverSigala
0%
12 HeartsSigma
0%
2AddictSilva Hound
0%
5FEELING GUDSLANDER
0%
1My Highslowthai
0%
1All I NeedSlushii
0%
2I Luv USofia Carson
0%
5Purple HatSofi Tukker
0%
2One NightSonny Fodera
0%
4Halfway DeadSteve Aoki
0%
1Live Without Your LoveSteve Lacy
0%
12 in a MillionSting
0%
1To Die ForSt. Lundi
0%
1GRiZtronicsSubtronics
0%
1ily (i love you baby)surf mesa
0%
2CrusadeSVDDEN DEATH
0%
1BirthdaySyd
0%
2PraiseTchami
0%
1You Broke My Heart AgainTeqkoi
0%
6TakeawayThe Chainsmokers
0%
1All About YouThe Knocks
0%
1PomegranateThe Neptunes
0%
2The Worst In MeTinashe
0%
1What's Love Got To Do With ItTina Turner
0%
1Besame (I Need You)TINI
0%
1AttentionTodrick Hall
0%
1Paper ThinTom DeLonge
0%
1AstronomiaTony Igy
0%
1PlayTungevaag
0%
1Lovefooltwocolors
0%
2Outer SunsetTycho
0%
2Midnight HourTy Dolla Sign
0%
1Like It IsTyga
0%
2The TruthValerie Broussard
0%
1TroubleVASSY
0%
1AstronomiaVicetone
0%
1Baila ConmigoVictor Cardenas
0%
1Feel Like I DoVin Diesel
0%
2In the DarkVintage Culture
0%
1LuckyVlossom
0%
1Love to the WorldWax Motif
0%
1FreefallWhethan
0%
1Higher LoveWhitney Houston
0%
1Back To UWilliam Black
0%
1In Your ArmsX Ambassadors
0%
1Wrong Side of LoveYoung Bombs
0%
1Fade AwayYula
0%
1SomedayZac Brown
0%
3FreedomZak Abel
0%
1Like It IsZara Larsson
0%
1Into the AbyssZeds Dead
0%
6Came For the LowZHU
0%

Score Distribution

Percentile by Number Answered

Percent of People with Each Score

Your Score History

You have not taken this quiz